| 000 | 00605nam a2200193 u 4500 | ||
|---|---|---|---|
| 005 | 20230425063530.0 | ||
| 008 | 110620s2007 r 000 0 eng d | ||
| 020 | _a9781403147622 | ||
| 035 | _aUPN01000180840 | ||
| 049 | _aCG | ||
| 050 | 4 |
_aBP605 S2 _bH8.3 |
|
| 100 | 1 |
_aHubbard, L. Ron, _d1911-1986 _930649 |
|
| 245 | 1 | 3 |
_aLa ciencia de la supervivencia : _bla predicción del comportamiento humano / _cL. Ronald Hubbard. |
| 260 |
_aLos Angeles, E.U.A. : _bBridge, _cc2007. |
||
| 300 |
_a729 p. : _bil. + _e1 h. pleg. |
||
| 650 | 2 |
_aDianética _99722 |
|
| 650 | 2 |
_aCienciología _919245 |
|
| 905 | _aLibro | ||
| 999 |
_c152943 _d152943 |
||